Archivonomía (Registro nro. 7820)
[ vista simple ]
| 000 -CABECERA | |
|---|---|
| campo de control de longitud fija | 00864nam a22002897a 4500 |
| 005 - FECHA Y HORA DE ACTUALIZACIÓN | |
| campo de control | 20170717143701.0 |
| 008 - LONGITUD FIJA | |
| campo de control de longitud fija | 160310b xxu||||| |||| 00| 0 spa d |
| 041 ## - IDIOMA | |
| Código de idioma del texto/pista de sonido o título separado | |
| 082 ## - CLASIFICACIÓN DECIMAL DEWEY | |
| Número de clasificación | 651.53 D671a |
| 100 ## - AUTOR PERSONAL | |
| Nombre de persona | Domínguez Corona, Thalía |
| 245 ## - TÍTULO PROPIAMENTE DICHO | |
| Título | Archivonomía |
| 250 ## - EDICIÓN | |
| Mención de edición | 2 edición |
| 260 ## - PIE DE IMPRENTA | |
| Lugar de publicación, distribución, etc. | México |
| Nombre del editor, distribuidor, etc. | McGraw-Hill |
| Fecha de publicación, distribución, etc. | 1998 |
| 300 ## - DESCRIPCIÓN FÍSICA | |
| Extensión | 149 páginas |
| 650 ## - Materia General | |
| Materia general | ARCHIVONOMÍA |
| 650 ## - Materia General | |
| Materia general | ARCHIVADORES |
| 650 ## - Materia General | |
| Materia general | CORRESPONDENCIA |
| 650 ## - Materia General | |
| Materia general | MANEJO DE DOCUMENTOS |
| 650 ## - Materia General | |
| Materia general | REGLAS DE CLASIFICACIÓN ALFABÉTICA |
| 650 ## - Materia General | |
| Materia general | SISTEMA NUMÉRICO |
| 650 ## - Materia General | |
| Materia general | SISTEMA POR ASUNTOS |
| 650 ## - Materia General | |
| Materia general | SISTEMA GEOGRÁFICO |
| 650 ## - Materia General | |
| Materia general | SISTEMA CRONOLÓGICO |
| 650 ## - Materia General | |
| Materia general | COMUNICACIÓN ESCRITA |
| 650 ## - Materia General | |
| Materia general | CLASIFICACIÓN DE ARCHIVOS |
| 942 ## - Punto de Acceso Adicional Koha | |
| Tipo de ítem Koha | Libro |
| Estado perdido | Estado dañado | No para préstamo | Biblioteca permanente | Biblioteca actual | Signatura completa | Código de barras | Precio efectivo a partir del | Tipo de ítem |
|---|---|---|---|---|---|---|---|---|
| Departamento de Biblioteca y Documentación Alfonso Chase Brenes | Departamento de Biblioteca y Documentación Alfonso Chase Brenes | 651.53 D671a | 8306 | 10/03/2016 | Libro | |||
| Departamento de Biblioteca y Documentación Alfonso Chase Brenes | Departamento de Biblioteca y Documentación Alfonso Chase Brenes | 651.53 D671a | 8307 | 10/03/2016 | Libro | |||
| Departamento de Biblioteca y Documentación Alfonso Chase Brenes | Departamento de Biblioteca y Documentación Alfonso Chase Brenes | 651.53 D671a | 8308 | 10/03/2016 | Libro | |||
| Departamento de Biblioteca y Documentación Alfonso Chase Brenes | Departamento de Biblioteca y Documentación Alfonso Chase Brenes | 651.53 D671a | 8920 | 10/03/2016 | Libro | |||
| Departamento de Biblioteca y Documentación Alfonso Chase Brenes | Departamento de Biblioteca y Documentación Alfonso Chase Brenes | 651.53 D671a | 8930 | 10/03/2016 | Libro | |||
| Departamento de Biblioteca y Documentación Alfonso Chase Brenes | Departamento de Biblioteca y Documentación Alfonso Chase Brenes | 651.53 D671a | 12311 | 10/03/2016 | Libro | |||
| Departamento de Biblioteca y Documentación Alfonso Chase Brenes | Departamento de Biblioteca y Documentación Alfonso Chase Brenes | 651.53 D671a | 22369 | 17/07/2017 | Libro | |||
| Departamento de Biblioteca y Documentación Alfonso Chase Brenes | Departamento de Biblioteca y Documentación Alfonso Chase Brenes | 651.53 D671a | 22370 | 17/07/2017 | Libro | |||
| Departamento de Biblioteca y Documentación Alfonso Chase Brenes | Departamento de Biblioteca y Documentación Alfonso Chase Brenes | 651.53 D671a | 6863 | 20/12/2018 | Libro | |||
| Departamento de Biblioteca y Documentación Alfonso Chase Brenes | Departamento de Biblioteca y Documentación Alfonso Chase Brenes | 651.53 D671a | 5863 | 20/12/2018 | Libro | |||
| Departamento de Biblioteca y Documentación Alfonso Chase Brenes | Departamento de Biblioteca y Documentación Alfonso Chase Brenes | 651.53 D671a | 5856 | 20/12/2018 | Libro | |||
| Departamento de Biblioteca y Documentación Alfonso Chase Brenes | Departamento de Biblioteca y Documentación Alfonso Chase Brenes | 651.53 D671a | 5507 | 20/12/2018 | Libro | |||
| Departamento de Biblioteca y Documentación Alfonso Chase Brenes | Departamento de Biblioteca y Documentación Alfonso Chase Brenes | 651.53 D671a | 5506 | 20/12/2018 | Libro | |||
| Departamento de Biblioteca y Documentación Alfonso Chase Brenes | Departamento de Biblioteca y Documentación Alfonso Chase Brenes | 651.53 D671a | 5326 | 20/12/2018 | Libro |